=LDR 00000nam 2200000 4500 =001 INLIS000000000024948 =005 20130612123510 =008 ***********************************ind** =035 ##$$0010-061300000024948 =041 ##$$a ind =082 ##$$a 500 =090 ##$$a 500, WIL p =100 ##$$a Williams, Brian =245 ##$$a Pesawat Terbang, Brian Williams =260 ##$$a 1985 $b Jakarta =300 ##$$a 47 hlm., ilus., 28 cm =650 ##$$a Pesawat Terbang =850 ##$$a NBPNMAT